000 00388nam a2200145Ia 4500
008 210210b2003 xxu||||| |||| 00| 0 eng d
020 _a81 8028 002 0
082 _a820.43 PRAB
100 _aPRASAD (H Y Sharada).
245 _aBook I wont be writing and other essays.
260 _aND
_bChronicle Books
_c2003
300 _avii,329
690 _aIndian English Prose
906 _a058839
999 _c105823
_d105823